| 000 | 00532nam a2200181Ia 4500 | ||
|---|---|---|---|
| 003 | GCL | ||
| 008 | 140319s9999 xx 000 0 eng d | ||
| 040 |
_aGCL / _cGCL |
||
| 082 | 0 | 4 |
_a658.408 _bR D |
| 100 | 1 | _aANDERSON, TOM | |
| 245 | 1 | 0 |
_aDIRICTIONS IN SAFETY - CRITICAL SYSTEMS: PROCEEDINGS OF FIRST SAFETY - CRITICAL SYSTEMS SYMPOSUIM / _cANDERSON, TOM |
| 700 | 1 | _aREDMILL, FELIX | |
| 260 |
_a[S.N] : _bSPRINGER - VERLAG ، _c1993 |
||
| 300 | _a285 P | ||
| 650 | 0 | 4 | _aSAFETY REGULATIONS |
| 650 | 0 | 4 | _aSAFETY |
| 942 |
_2ddc _cBK |
||
| 999 |
_c17142 _d17142 |
||